000 00473nmm a2200169Ia 4500
008 251105s9999||||xx |||||||||||||||||und||
020 _a9789562828567
041 _aspa
100 _aDíaz Eterovic, Ramón
245 0 _aCorrer tras el viento
264 _a[Santiago de Chile, Chile] :
_bLOM Ediciones,
_c2009
300 _a228 páginas
490 _aBolsillo
650 _aSpanish narrative
856 _uhttps://public.digitaliapublishing.com/a/18218
942 _cCF
999 _c94310
_d94310